Právna úprava nelegálneho prisťahovalectva v Európskej únii

Objasnenie historického vývoja a najdôležitejšie právne nástroje upravujúce problematiku nelegálneho prisťahovalectva v Európskej únii. Predchádzanie nelegálnemu prisťahovalectvu. Zaobchádzanie s nelegálnymi prisťahovalcami. Vyhostenie nelegálnych prisťahovalcov z krajiny.

Salvato in:
Dettagli Bibliografici
Autore principale: Hurná, Lucia, 1978-
Altri autori: Mráz, Stanislav
Natura: Capitolo di libro
Lingua:slovacco
Soggetti:
Tags: Aggiungi Tag
Nessun Tag, puoi essere il primo ad aggiungerne!!

MARC

LEADER 00000naa$a2200000$$$4500
001 0066611
005 20240502071806.9
041 0 |a slo 
044 |a SK 
245 1 0 |a Právna úprava nelegálneho prisťahovalectva v Európskej únii  |c Lucia Hurná, Stanislav Mráz 
520 |a Objasnenie historického vývoja a najdôležitejšie právne nástroje upravujúce problematiku nelegálneho prisťahovalectva v Európskej únii. Predchádzanie nelegálnemu prisťahovalectvu. Zaobchádzanie s nelegálnymi prisťahovalcami. Vyhostenie nelegálnych prisťahovalcov z krajiny. 
610 2 0 |a mobilita sociálna 
610 2 0 |a Európska únia 
610 2 0 |a legislatíva 
610 2 0 |a história 
610 2 0 |a migrácia 
100 1 |a Hurná, Lucia, 1978- 
700 1 |a Mráz, Stanislav